| 000 | 00683nam a2200205 a 4500 | ||
|---|---|---|---|
| 005 | 20210219160357.0 | ||
| 008 | 081027s1974 mx r 000 0 spa d | ||
| 020 | _a9232012081 | ||
| 035 | _aUPN01000164305 | ||
| 049 | _aUNE | ||
| 080 | _a338:6 (6) =40 SCI No.35. | ||
| 245 | 0 | 0 | _aLa Science et la technologie au service du développement en Afrique. |
| 260 |
_aParis : _bUNESCO, _c1974. |
||
| 300 |
_a297 p. ; _bil. |
||
| 440 | 0 | _a(Études et documents de politique scientifique; 35) | |
| 690 | _aCiencia y tecnologia- Cooperacion cientifica- Africa | ||
| 690 | _aDesarrollo cientifico- Politica cientifica- Africa | ||
| 700 | 1 | _aCASTAFRICA, Dakar/ 1974. | |
| 905 | _aUNESCO | ||
| 999 |
_c136417 _d136417 |
||